[Event "Rio de Janeiro Motta Memorial 2nd"]
[Site "Rio de Janeiro"]
[Date "2018.03.27"]
[Round "6"]
[White "Manteiga, Gabriel"]
[Black "Labre, Diogenes"]
[Result "1-0"]
[WhiteElo "1653"]
[BlackElo "1712"]
[PlyCount "61"]
[EventDate "2018.02.20"]
[EventType "swiss"]
[EventRounds "6"]
[EventCountry "BRA"]
[SourceTitle "EXT 2019"]
[Source "ChessBase"]
[SourceDate "2018.10.10"]
[SourceVersion "1"]
[SourceVersionDate "2018.10.10"]
[SourceQuality "1"]

1. d4 Nf6 2. c4 e5 3. dxe5 Ng4 4. Nf3 Nc6 5. Bf4 d6 6. exd6 Bxd6 7. Bxd6 cxd6 8. e3 0-0 9. Be2 Qb6 10. Qd2 Nf6 11. Nc3 Bf5 12. 0-0 Ne5 13. b3 h6 14. Qd4 Qa5 15. Nb5 Nc6 16. Qf4 Bh7 17. Nxd6 Rab8 18. Rfd1 Nd8 19. Nd4 Ne6 20. Nxe6 fxe6 21. Qd4 e5 22. Qb2 e4 23. b4 Qg5 24. Bf1 Ng4 25. Rd2 Rbd8 26. c5 Kh8 27. Rad1 Qg6 28. Nf7+ Qxf7 29. Rxd8 Nxf2 30. Rxf8+ Qxf8 31. Qxf2 1-0